000 00750nam a2200241Ia 4500
003 OSt
005 20220928115334.0
006 a|||||r|||| 00| 0
007 ta
008 220927b |||||||| |||| 00| 0 eng d
024 _a33501
037 _cTextual
040 _aSDCL
_cSDCL
_beng
041 _2eng
_aeng
082 _aX:9H1,91.2'N7, M0
100 _aRayappa P Hanumantha
_9443900
245 0 _aEmployment planning for the rural poor
_bThe case of scheduled castes and scheduled tribes
260 _aNew Delhi
_bSterling Publishers
_c1980
300 _axi,114p
_ccm.
700 _a Grover Deepak
_9443901
942 _hX:9H1,91.2'N7, M0
_cTEXL
_2CC
999 _c759011
_d759011